Key cases : The English legal system

Bibliographic Details
Main Author: Martin, Jacqueline
Format: Book
Published: London : Hodder Arnold , 2006
Series:Key cases
Subjects:

MARC

LEADER 00000cam a2200000 7i4500
001 0000122498
005 20080829.0
020 |a 9780340926772 
090 0 0 |a 347.42   |b MAR 
100 1 |a Martin, Jacqueline 
245 1 0 |a Key cases :   |b The English legal system   |c Jacqueline Martin 
260 |a London :   |b Hodder Arnold ,   |c 2006 
300 |a 112p. ;   |c 20cm. 
490 0 |a Key cases 
650 0 0 |a Law   |z England 
650 0 0 |a Law   |z Wales 
999 |a 00218230   |b BUKU   |c PINJAMAN   |e PERPUSTAKAAN KOMUNITI PETALING JAYA